Groundwater recharge : proceedings of the symposium on groundwater recharge / Mandurah / 6-9 July 1987

Αποθηκεύτηκε σε:
Λεπτομέρειες βιβλιογραφικής εγγραφής
Συγγραφή απο Οργανισμό/Αρχή: Symposium on Groundwater Recharge : Mandurah
Άλλοι συγγραφείς: Sharma, M. L. (Επιμελητής έκδοσης)
Μορφή: Πρακτικό Συνεδρίου Βιβλίο
Γλώσσα:English
Δημοσίευση: Rotterdam; Brookfield : A. A. Balkema, 1989
Θέματα:
Ετικέτες: Προσθήκη ετικέτας
Δεν υπάρχουν, Καταχωρήστε ετικέτα πρώτοι!

MARC

LEADER 00000nam a2200000 i 4500
001 1/9200
008 970203s1989 eng d
020 |a 90-6191-873-1 
035 |l 10017385 
040 |a GR-MY-UA  |b gre  |e aacr 
041 0 |a eng 
082 0 |a 553.79 
111 2 |a Symposium on Groundwater Recharge  |d (1987  |c : Mandurah) 
245 1 0 |a Groundwater recharge :  |b proceedings of the symposium on groundwater recharge / Mandurah / 6-9 July 1987 /  |c Edited by M. L. Sharma 
260 |a Rotterdam; Brookfield :   |b A. A. Balkema,   |c 1989 
300 |a 323 p.  |b fig. 
650 0 0 |a Artificial recharge of groundwater. 
700 1 |a Sharma, M. L.  |4 edt 
852 |a INST  |b LESVOS  |e 19970203  |h 553.79 GRO  |p 005100012051  |q 005100012051  |t BK  |y 0 
909 |a Λ  |b 042167 
922 |a 1ΔΩΡ  |b 199505